000
00319nam a22001337a 4500
008
171101b xxu||||| |||| 00| 0 eng d
020
_a
0312166729
041
_a
eng
080
_2
2ND
_a
339.9
100
_a
59
101
_a
GLO
245
_a
THE CONTEMPORARY INTERNATIONAL ECONOMY A READER
_c
ADAMS,J
942
_2
udc
_c
BK
999
_c
37124
_d
37124